| 000 | 01346nam0a22003371 4500 | ||
|---|---|---|---|
| 001 | rc\3293473 | ||
| 005 | 20130115145439.4 | ||
| 021 |
_aRU _b[74-29955] |
||
| 035 | _a(NLR Aleph) 007497406 | ||
| 090 |
_a7654997 _c7654997 |
||
| 100 | _a20130115d1974 |||y0rusy50 ca | ||
| 101 | 0 |
_arus _afre |
|
| 102 | _aRU | ||
| 105 | _aag j ||||| | ||
| 200 | 1 | _aКнига для учителя к учебнику французского языка для 6-го класса средней школы | |
| 205 | _a3-е изд. | ||
| 210 |
_aМосква _cПросвещение _d1974 |
||
| 215 |
_a192 с. _cил., нот. _d20 |
||
| 300 | _aОбл. на фр. яз. с загл.: Livre du maitre. Le français en 6-e | ||
| 300 | _aПеред загл. авт.: А.С. Шкляева, Б.И. Турчина, Т.А. Угримова | ||
| 512 | 0 | _aLivre du maitre | |
| 512 | 0 | _aLe français en 6-e | |
| 606 |
_aФранцузский язык _jМетодические пособия _2psbo |
||
| 700 | 1 |
_aШкляева _bА. С. _gАлександра Степановна |
|
| 701 | 1 |
_aТурчина _bБ. И. _gБэлла Ильинична |
|
| 701 | 1 |
_aУгримова _bТ. А. _gТатьяна Александровна |
|
| 801 | 0 |
_aRU _bNLR _gpsbo |
|
| 801 | 1 |
_aRU _bELAR _2rusmarc |
|
| 852 |
_aNLR _j73-3/12544 |
||
| 942 | _cBOOK | ||
| 980 | _aNB | ||